[Event "FSIMB August"]
[Site "Budapest HUN"]
[Date "2000.08.07"]
[Round "3"]
[White "Malada,V"]
[Black "Sharovatova,A"]
[Result "1/2-1/2"]
[WhiteElo "2188"]
[BlackElo "2182"]

1.e4 c5 2.c3 Nf6 3.e5 Nd5 4.d4 cxd4 5.Nf3 e6 6.cxd4 d6 7.Bc4 Nb6 8.Bd3 Nc6
9.O-O Nb4 10.Be4 d5 11.Bd3 Nxd3 12.Qxd3 Be7 13.Bd2 Bd7 14.Ba5 O-O 15.Rc1 Rc8
16.Nbd2 Bc6 17.a4 Qd7 18.b3 Na8 19.Nf1 b5 20.Bd2 bxa4 21.Ng5 Bxg5 22.Bxg5 axb3
23.Qxb3 f6 24.exf6 gxf6 25.Bh6 Rf7 26.Qh3 Kh8 27.Re1 Re8 28.Ne3 Nb6 29.Ng4 Rg8
30.Qh4 Rg6 31.h3 Nc4 32.Rab1 Qe8 33.Rb3 Nd6 34.Rf3 Ne4 35.Rfe3 Bd7 36.Bf4 e5
37.dxe5 Bxg4 38.hxg4 fxe5 39.Bg3 Re7 40.f3 Nxg3 41.Qxg3 e4 42.f4 Rf7 43.Qh2 Re6
44.Qh5 Re5  1/2-1/2

[Event "FSIMB August"]
[Site "Budapest HUN"]
[Date "2000.08.08"]
[Round "4"]
[White "Sharovatova,A"]
[Black "Ananchenko,I"]
[Result "1/2-1/2"]
[WhiteElo "2182"]
[BlackElo "2276"]

1.e4 c5 2.c3 Nf6 3.e5 Nd5 4.d4 cxd4 5.Nf3 Nc6 6.cxd4 d6 7.Bc4 Nb6 8.Bb5 Bd7
9.Nc3 dxe5 10.dxe5 g6 11.O-O Bg7 12.Bf4 O-O 13.h3 Be6 14.Bxc6 bxc6 15.Nd4 Qc7
16.Rc1 Nd5 17.Bg3 Rad8 18.Nxe6 fxe6 19.Qg4 Rf5 20.Nb5 Qb6 21.Nd4 Nf6 22.exf6 Rxd4
23.Qe2 Bxf6 24.Qxe6+ Kg7 25.Rxc6 Qxb2 26.Rc8 Qa3 27.Rfc1 Rd2 28.Qg8+ Kh6
29.Qc4 Bd4 30.Kh1 Qxa2 31.Qc7 Qf7 32.Re1 Rfxf2 33.Qc4 Qxc4 34.Rxc4 Rf5 35.Rc7 e5
36.Re7 Rg5 37.Bxe5 Bxe5 38.R1xe5 Rgxg2 39.Rxa7 Rh2+ 40.Kg1 Rdg2+ 41.Kf1 Rb2
42.Kg1 Rhc2 43.Re1 Rc3 44.h4 Rg3+ 45.Kf1 Rh3 46.Kg1 Rxh4 47.Ree7 Rg4+ 48.Kf1 Rc4
49.Rxh7+ Kg5 50.Ra1 Kg4 51.Rg7 g5 52.Kg1 Rc3 53.Rd1 Kh4 54.Rgd7 Rcc2 55.R1d4+ g4
56.Rh7+ Kg5 57.Rg7+ Kh6 58.Rf7 Kg5 59.Rd5+ Kh4 60.Rd3 Rg2+  1/2-1/2

[Event "Mipap Cup"]
[Site "Olomouc CZE"]
[Date "2000.08.08"]
[Round "9"]
[White "Bazant,P jr"]
[Black "Ptacnikova,L"]
[Result "0-1"]
[WhiteElo "2274"]
[BlackElo "2232"]

1.e4 c5 2.c3 Nf6 3.e5 Nd5 4.d4 cxd4 5.Nf3 Nc6 6.Bc4 Nb6 7.Bb3 d6 8.exd6 Qxd6
9.cxd4 Be6 10.O-O Bxb3 11.Qxb3 e6 12.Nc3 Qb4 13.Qc2 Rd8 14.a3 Qa5 15.b4 Qh5
16.Be3 Bd6 17.Ne4 O-O 18.Nxd6 Rxd6 19.Qc5 Rd5 20.Qc3 Rfd8 21.a4 Rf5 22.b5 Nd5
23.Qd2 Nce7 24.Ne1 Nxe3 25.fxe3 Rxf1+ 26.Kxf1 Qxh2 27.Qa5 Qb8 28.Rc1 b6 29.Qd2 h6
30.Nf3 Qd6 31.Rc2 f6 32.Qc1 Qb8 33.Qa3 Kf7 34.Rf2 Qd6 35.Qxd6 Rxd6 36.Rc2 Rd7
37.Ke2 Ke8 38.Kd3 Kd8 39.Nd2 e5 40.Ke4 Rd5 41.dxe5 Rxe5+ 42.Kf3 Kd7 43.e4 Ng6
44.Nc4 Rc5 45.Rd2+ Ke7 46.Ne3 Ne5+ 47.Ke2 g6 48.Ra2 Ke6 49.Ra1 h5 50.Ra2 h4
51.Ra1 Nc4 52.Nd5 Ke5 53.Rf1 Nb2 54.Kd2 Nxa4 55.Nf4 Rxb5 56.Nxg6+ Kd4 57.Nxh4 Nc5
58.Nf5+ Ke5 59.Kc2 Nxe4 60.g4 a5 61.Ne3 Rc5+ 62.Kb2 Nd2 63.Re1 Kf4 64.Nc2  0-1

[Event "TCh-ESP"]
[Site "Barcelona ESP"]
[Date "2000.08.11"]
[Round "7"]
[White "Rojo Gomez,J"]
[Black "Crespo,Ra"]
[Result "0-1"]
[WhiteElo "2306"]
[BlackElo "2196"]

1.e4 c5 2.c3 Nf6 3.e5 Nd5 4.d4 cxd4 5.Nf3 Nc6 6.cxd4 d6 7.Bc4 e6 8.O-O Be7
9.a3 O-O 10.Qe2 Bd7 11.b4 Nb6 12.Bd3 d5 13.Nbd2 a6 14.Nb3 Na4 15.Nc5 Nxc5
16.bxc5 f6 17.Bf4 f5 18.Rfb1 Rb8 19.g3 g5 20.Be3 Be8 21.h3 Bh5 22.g4 Bg6
23.Kh2 fxg4 24.hxg4 Bxd3  0-1

[Event "TCh-ESP"]
[Site "Barcelona ESP"]
[Date "2000.08.11"]
[Round "7"]
[White "Martin Gonzalez,An"]
[Black "Gual Pascual,A"]
[Result "1/2-1/2"]
[WhiteElo "2411"]
[BlackElo "2453"]

1.e4 c5 2.c3 Nf6 3.e5 Nd5 4.d4 cxd4 5.Nf3 Nc6 6.cxd4 d6 7.Bc4 Nb6 8.Bb5 dxe5
9.Nxe5 Bd7 10.Bxc6 Bxc6 11.Nxc6 bxc6 12.O-O g6 13.Re1 Bg7 14.Bg5 O-O 15.Bxe7 Qxd4
16.Qxd4 Bxd4 17.Nc3  1/2-1/2

[Event "4th ch-Arab"]
[Site "Beirut LEB"]
[Date "2000.08.11"]
[Round "6"]
[White "Rizouk,A"]
[Black "Mohammad,S"]
[Result "1/2-1/2"]
[WhiteElo "2350"]
[BlackElo "2287"]

1.e4 c5 2.c3 Nf6 3.e5 Nd5 4.d4 cxd4 5.cxd4 e6 6.Nf3 b6 7.Nc3 Nxc3 8.bxc3 Qc7
9.Bd2 d6 10.Bb5+ Nd7 11.O-O a6 12.exd6 Bxd6 13.Bd3 Bb7  1/2-1/2

[Event "FSIMB August"]
[Site "Budapest HUN"]
[Date "2000.08.11"]
[Round "7"]
[White "Malada,V"]
[Black "Farago,S"]
[Result "0-1"]
[WhiteElo "2188"]
[BlackElo "2292"]

1.e4 c5 2.c3 Nf6 3.e5 Nd5 4.d4 cxd4 5.Nf3 e6 6.cxd4 Bb4+ 7.Bd2 Qa5 8.Na3 Bxd2+
9.Qxd2 Qxd2+ 10.Kxd2 b6 11.Bc4 Ba6 12.Bxd5 exd5 13.Nc2 Nc6 14.Ne3 Ne7 15.Rhc1 Bb7
16.Nh4 g6 17.Ng4 Bc6 18.Rc3 h5 19.Nf6+ Kd8 20.Nf3 Nf5 21.b4 a5 22.b5 Bxb5
23.Ng5 Rf8 24.Nfh7 Rg8 25.Nf6 Rf8 26.Nxd5 Nxd4 27.Rd1 Bc6 28.Nf6 Nb5 29.Rd3 Ke7
30.Ke1 Rfd8 31.Rb1 Rab8 32.f4 Nc7 33.Rc1 Ne6 34.Nxe6 Kxe6 35.Rd6+ Kf5 36.Rc3 Kxf4
37.Rcd3 Kxe5 38.Kf2 b5 39.Nh7 b4 40.R3d4 a4 41.Ng5 Rf8 42.Nh7 Rfe8 43.Ng5 Re7
44.Rd1 b3 45.axb3 axb3 46.R6d2 Kf6  0-1

[Event "FSIMB August"]
[Site "Budapest HUN"]
[Date "2000.08.12"]
[Round "8"]
[White "Malada,V"]
[Black "Ananchenko,I"]
[Result "1/2-1/2"]
[WhiteElo "2188"]
[BlackElo "2276"]

1.e4 c5 2.c3 Nf6 3.e5 Nd5 4.d4 cxd4 5.Nf3 Nc6 6.Bc4 Nb6 7.Bb3 g6 8.cxd4 Bg7
9.d5 Nxe5 10.Nxe5 Bxe5 11.Bh6 d6 12.Nc3 e6 13.Qd2 exd5 14.Nxd5 Be6 15.O-O Nxd5
16.Bxd5 Qb6 17.Rac1 Kd7 18.Be3 Qb5 19.Bxe6+ fxe6 20.Rfd1 Qa6 21.Rc5 Bf6 22.Bf4 Rad8
23.Qxd6+ Ke8 24.Qxa6 Rxd1+ 25.Qf1 Rxf1+ 26.Kxf1 Bd8 27.Rc8 Kd7 28.Rb8 Kc6
29.Be5 Rf8 30.Ke2 Be7 31.Rxf8 Bxf8 32.Kd3 Kd5 33.Bd4 a6 34.f3 b5 35.b3 Bd6
36.h3 Bg3 37.Bc3 Bf2 38.Bb2  1/2-1/2

[Event "Lost Boys Open"]
[Site "Amsterdam NED"]
[Date "2000.08.14"]
[Round "4"]
[White "Jonkman,H"]
[Black "Blokhuis,J"]
[Result "1/2-1/2"]
[WhiteElo "2424"]
[BlackElo "2240"]

1.e4 c5 2.c3 Nf6 3.e5 Nd5 4.Nf3 Nc6 5.Bc4 Nb6 6.Bb3 c4 7.Bc2 Qc7 8.Qe2 g5
9.h3 Bg7 10.O-O Nxe5 11.Nxg5 Ng6 12.Re1 d5 13.d4 cxd3 14.Bxd3 e5 15.Na3 O-O
16.Qh5 h6 17.Nb5 Qd7 18.Nxf7 Qxf7 19.Qxg6 Qxf2+ 20.Kh2 Bf5 21.Bxf5 Qxf5 22.Qxf5 Rxf5
23.Be3 Nc4 24.Nc7 Rd8 25.Ne6 Rd7 26.Nxg7 Kxg7 27.b3 Nxe3 28.Rxe3 Kf6 29.Rae1 h5
30.h4 Rg7 31.R1e2 b5 32.g3 Rg4 33.Kg2 Ke6 34.b4 e4 35.a4 a6 36.axb5 axb5
37.Ra2 Rg7 38.Ra6+ Ke5 39.Rb6 Ra7 40.Rxb5 Ra2+ 41.Kg1 Raf2 42.Re1 R2f3 43.c4 Rxg3+
44.Kh2 Rd3 45.Rxd5+ Rxd5 46.cxd5 Kxd5 47.Rb1 Kc4 48.Kg2 e3 49.b5 Rf2+ 50.Kg3 Rf7
51.b6 e2 52.Kg2 Re7 53.Rc1+ Kd3 54.Ra1 Ke3  1/2-1/2

[Event "4th ch-Arab"]
[Site "Beirut LEB"]
[Date "2000.08.14"]
[Round "9"]
[White "Rizouk,A"]
[Black "Tissir,M"]
[Result "1/2-1/2"]
[WhiteElo "2350"]
[BlackElo "2342"]

1.e4 c5 2.c3 Nf6 3.e5 Nd5 4.d4 cxd4 5.cxd4 e6 6.Nf3 d6 7.a3 Bd7 8.Bd3 Bc6
9.O-O Nd7 10.b4 a6 11.Re1 Be7 12.Nbd2  1/2-1/2

[Event "FSIMB August"]
[Site "Budapest HUN"]
[Date "2000.08.15"]
[Round "11"]
[White "Kun,G"]
[Black "Ananchenko,I"]
[Result "1-0"]
[WhiteElo "2260"]
[BlackElo "2276"]

1.e4 c5 2.c3 Nf6 3.e5 Nd5 4.d4 cxd4 5.Nf3 Nc6 6.cxd4 d6 7.Bc4 Nb6 8.Bb3 dxe5
9.d5 Na5 10.Nc3 Nxb3 11.Qxb3 e6 12.Bg5 Be7 13.Rd1 Bxg5 14.dxe6 Qe7 15.Qb5+ Kf8
16.Nxg5 Qxg5 17.Qc5+ Kg8 18.h4 Qf6 19.Ne4 Bxe6 20.Nxf6+ gxf6 21.Qe7 h6 22.Qxf6 Nd7
23.Qe7 Rc8 24.O-O Nc5 25.Rc1 Rc6 26.Rxc5  1-0

[Event "4th Open"]
[Site "Halkida GRE"]
[Date "2000.08.15"]
[Round "6"]
[White "Gamback,B"]
[Black "Balaskas,P"]
[Result "1-0"]
[WhiteElo "2235"]
[BlackElo "2203"]

1.e4 c5 2.c3 Nf6 3.e5 Nd5 4.d4 cxd4 5.Nf3 e6 6.cxd4 b6 7.Nc3 Bb4 8.Bd2 O-O
9.Bd3 Bb7 10.Bxh7+ Kxh7 11.Ng5+ Kg6 12.h4 Qe7 13.Qc2+ f5 14.exf6 Kxf6 15.Nce4+ Kf5
16.Nd6+ Kg4 17.Qd1+  1-0

[Event "It"]
[Site "Presov SVK"]
[Date "2000.08.17"]
[Round "6"]
[White "Stocek,J"]
[Black "Kovalev,A"]
[Result "1/2-1/2"]
[WhiteElo "2514"]
[BlackElo "2537"]

1.e4 c5 2.c3 Nf6 3.e5 Nd5 4.Nf3 Nc6 5.d4 cxd4 6.cxd4 d6 7.Nc3 dxe5 8.dxe5 Nxc3
9.Qxd8+ Nxd8 10.bxc3 e6 11.Be3  1/2-1/2

[Event "ch-ESP"]
[Site "Barcelona ESP"]
[Date "2000.08.18"]
[Round "1"]
[White "Jimenez,A"]
[Black "De la Riva Aguado,O"]
[Result "0-1"]
[WhiteElo "2076"]
[BlackElo "2462"]

1.e4 c5 2.c3 Nf6 3.e5 Nd5 4.Nf3 Nc6 5.d4 cxd4 6.cxd4 d6 7.Bc4 dxe5 8.O-O exd4
9.Nxd4 Nb6 10.Nxc6 Qxd1 11.Bxf7+ Kxf7 12.Ne5+ Ke6 13.Rxd1 Kxe5 14.a4 Bf5
15.a5 Nd5 16.Nd2 e6 17.Nf3+ Kf6 18.Bg5+ Kg6 19.Bh4 Bd6 20.Nd4 Be5 21.a6 b6
22.Ra3 Rhc8 23.Nxf5 Kxf5 24.Rf3+ Kg6 25.Re1 Bf6 26.g3 Bxh4 27.gxh4 Rc6 28.Re5 Nf6  0-1

[Event "Lost Boys Open"]
[Site "Amsterdam NED"]
[Date "2000.08.19"]
[Round "9"]
[White "Ravi,T"]
[Black "Ramesh,R"]
[Result "1-0"]
[WhiteElo "2385"]
[BlackElo "2450"]

1.e4 c5 2.c3 Nf6 3.e5 Nd5 4.Bc4 Nb6 5.Bb3 Nc6 6.Nf3 c4 7.Bc2 Qc7 8.Qe2 g5
9.e6 dxe6 10.Nxg5 Qe5 11.d4 cxd3 12.Bxd3 Qxe2+ 13.Bxe2 Bg7 14.Na3 a6 15.O-O e5
16.Rd1 Bf5 17.Bf3 Bg6 18.Be3 Nd7 19.Nc4 h6 20.Ne4 O-O-O 21.Nb6+ Nxb6 22.Bxb6 Rxd1+
23.Rxd1 f5 24.Nc5 e4 25.Be2 Ne5 26.a4 Bf7 27.b3 Bf6 28.a5 Rg8 29.Kf1 h5 30.h3 Bg6
31.f4 exf3 32.Bxf3 Nxf3 33.gxf3 Be5 34.Rd7 Bd6 35.Rxb7 Bf7 36.Ra7 Bxc5 37.Bxc5 Bxb3
38.Kf2 Rg6 39.Rxe7 Re6 40.Rh7 Re5 41.Bb6 f4 42.Rh8+ Kb7 43.Rf8 Be6 44.h4 Rf5
45.Re8 Bd5 46.Re7+ Kc6 47.Rc7+ Kb5 48.Rc5+ Ka4 49.c4 Be6 50.Rc6 Bf7 51.Ke2 Re5+
52.Kd3 Kb3 53.Bd4 Re6 54.Rb6+ Rxb6 55.axb6 Bxc4+ 56.Ke4 Bb5 57.Kxf4 Bc6 58.Ke3 Kc4
59.f4 Kd5 60.f5 a5 61.Kf4 a4 62.f6 Ke6 63.Kg5  1-0

[Event "ECh-u20"]
[Site "Aviles ESP"]
[Date "2000.08.19"]
[Round "4"]
[White "Castaldo,F"]
[Black "Bekker Jensen,S"]
[Result "0-1"]
[WhiteElo "2227"]
[BlackElo "2388"]

1.e4 c5 2.c3 Nf6 3.e5 Nd5 4.d4 cxd4 5.Nf3 Nc6 6.Bc4 Nb6 7.Bb3 d6 8.exd6 Qxd6
9.O-O Be6 10.Bxe6 Qxe6 11.Nxd4 Nxd4 12.Qxd4 Rd8 13.Qh4 Qc4 14.Qg3 g6 15.Bf4 Bg7
16.Nd2 Qc6 17.Rfe1 Nd5 18.Be5 Bxe5 19.Qxe5 O-O 20.Nf3 f6 21.Qg3 e5 22.h4 Nf4
23.Kh2 Qb6 24.Rad1 Rxd1 25.Rxd1 Qxb2 26.Rd7 Qb5 27.Rd2 Qc6 28.Ng1 Rc8 29.Nh3 Nd5
30.h5 Ne7 31.hxg6 hxg6 32.Qg4 Kg7 33.Rd7 Rc7 34.Rd8 Qc4 35.Qxc4 Rxc4 36.Rd7 Kf7
37.Rxb7 Ra4 38.Rb2 Nd5 39.c4 Rxc4 40.Rb5 Nb6 41.Kg3 Ra4 42.Rb2 Nd5 43.Rc2 Ra3+
44.f3 Nc3 45.Nf2 g5 46.Nd3 Nxa2 47.Rc7+ Ke6 48.Nc5+ Kd6 49.Rc8 Nc3 50.Nb7+ Kd7
51.Rc4 Nd5 52.Nc5+ Ke7 53.Ne4 Ra2 54.Rc5 Nf4 55.Kg4 Ne6 56.Rc1 Rxg2+ 57.Kf5 Nd4+
58.Kg6 f5 59.Nf6 f4 60.Rc7+ Kd6 61.Ne8+ Ke6 62.Nf6 Nxf3 63.Rc6+ Ke7  0-1

[Event "ch-FRA Women"]
[Site "Vichy FRA"]
[Date "2000.08.20"]
[Round "5"]
[White "Dubois,M"]
[Black "Muller,A"]
[Result "0-1"]
[WhiteElo "2084"]
[BlackElo "2135"]

1.e4 c5 2.c3 Nf6 3.e5 Nd5 4.d4 cxd4 5.Nf3 Nc6 6.cxd4 d6 7.Nc3 dxe5 8.dxe5 Nxc3
9.Qxd8+ Nxd8 10.bxc3 Nc6 11.Bf4 Bg4 12.Nd4 Bd7 13.Nb5 O-O-O 14.a4 a6 15.Na3 Be6
16.Be2 g6 17.Bf3 Bd5 18.Bxd5 Rxd5 19.Nc4 Rc5 20.Nb6+ Kd8 21.Rd1+ Ke8 22.O-O Nxe5
23.Rfe1 Bg7 24.Nd5 f6 25.Bc1 e6 26.Nf4 Kf7 27.Rd6 Re8 28.Rb6 Rxc3 29.Rxb7+ Re7
30.Rxe7+ Kxe7 31.Be3 Nd3 32.Nxd3 Rxd3 33.Kf1 f5 34.Rb1 Rd7 35.Bc5+ Kf7 36.Rb6 a5
37.Rb5 Bc3 38.Rb3 Bd4 39.Rd3 e5 40.Bb6 Rd5 41.Bc7 Rc5 42.Bd8 Rc2 43.Rb3 Rxf2+
44.Ke1 Rxg2 45.Rb7+ Ke6 46.Rxh7 f4 47.Rh3 Kf5 48.Bxa5 Ra2 49.Bd2 Rxa4 50.Rb3 Ra1+
51.Ke2 e4 52.Rb5+ Kg4 53.h3+ Kxh3 54.Bxf4 Ra2+ 55.Kd1 Kg4 56.Bc1 Kf3 57.Rb4 Bf2
58.Rb3+ e3 59.Bb2 g5  0-1

[Event "Open"]
[Site "Polanica Zdroj POL"]
[Date "2000.08.21"]
[Round "5"]
[White "Barskij,V"]
[Black "Kveinys,A"]
[Result "1/2-1/2"]
[WhiteElo "2409"]
[BlackElo "2522"]

1.e4 c5 2.c3 Nf6 3.e5 Nd5 4.Nf3 d6 5.d4 cxd4 6.cxd4 e6 7.Bc4 Nc6 8.O-O Be7
9.Qe2 O-O 10.Re1 Bd7 11.Nc3 Nxc3 12.bxc3 dxe5 13.dxe5 Na5 14.Bd3 Bc6 15.Nd4 Qd5
16.Qg4 Rfc8 17.Re3 g6 18.h4 Nc4 19.Bxc4 Qxc4 20.h5 Ba4 21.hxg6 fxg6 22.Qxe6+ Qxe6
23.Nxe6 Rc4 24.Bb2 Rac8 25.Rae1 R8c6 26.Nd4 Ra6 27.f4 Be8 28.Ra1 Bc5 29.Kh2 Bxd4
30.cxd4 Rc2 31.Ba3 Bc6 32.e6 Rxg2+ 33.Kh3 Rd2 34.f5 Kg7 35.f6+ Kxf6 36.Rf1+ Kg7
37.Rf7+ Kg8 38.Rf8+ Kg7 39.Rf7+ Kg8 40.Rf8+ Kg7 41.e7 Rxa3 42.Rxa3 Re2 43.Rxa7 Rxe7
44.Rd8 Re3+ 45.Kg4 h5+ 46.Kf4 Rf3+ 47.Ke5 Re3+ 48.Kf4 Rf3+ 49.Ke5 Re3+ 50.Kf4  1/2-1/2

[Event "Open"]
[Site "Polanica Zdroj POL"]
[Date "2000.08.21"]
[Round "5"]
[White "Vysochin,S"]
[Black "Bobras,P"]
[Result "1-0"]
[WhiteElo "2511"]
[BlackElo "2393"]

1.e4 c5 2.c3 Nf6 3.e5 Nd5 4.Nf3 e6 5.Bc4 Nb6 6.Bb3 c4 7.Bc2 d6 8.exd6 Nc6
9.O-O Qxd6 10.Na3 Qd5 11.b3 Bxa3 12.Bxa3 Qa5 13.Qc1 Bd7 14.d3 cxd3 15.Bxd3 Ne5
16.Nxe5 Qxe5 17.Re1 Qf6 18.Be4 O-O-O 19.c4 e5 20.Qe3 Rhe8 21.Bc5 Kb8 22.a4 Nc8
23.a5 Bc6 24.b4 Bxe4 25.Qxe4 Qg6 26.Qe2 Qd3 27.Qg4 Qg6 28.Qh4 f6 29.a6 b6
30.Be3 h5 31.h3 Qf5 32.c5 g6 33.Rec1 Re7 34.cxb6 Nxb6 35.Bxb6 axb6 36.Rc6 Ka7
37.Rxf6 Rd4 38.g4 Qe4 39.Rxb6 Red7 40.Rb7+ Ka8 41.Rxd7 Rxd7 42.Qf6 Qd4 43.Qc6+ Ka7
44.Qc5+ Qxc5 45.bxc5 hxg4 46.hxg4 Rd4 47.f3 Rc4 48.Kf2 Rxc5 49.Ke3 Rc6 50.Ke4 Rf6
51.Ra3 Re6 52.g5 Re8 53.Ra5 Re6 54.Rxe5 Rxa6 55.Re7+ Kb8 56.Ke5  1-0

[Event "ch-ESP"]
[Site "Barcelona ESP"]
[Date "2000.08.22"]
[Round "5"]
[White "Nunez Lucero,F"]
[Black "Baches Garcia,G"]
[Result "0-1"]
[WhiteElo "2214"]
[BlackElo "2393"]

1.e4 c5 2.c3 Nf6 3.e5 Nd5 4.d4 cxd4 5.Nf3 e6 6.cxd4 b6 7.Nc3 Nxc3 8.bxc3 Qc7
9.Bd2 d6 10.Bd3 Nd7 11.O-O Bb7 12.Bf4 Be7 13.Re1 O-O 14.Re3 g6 15.Bh6 Rfd8
16.exd6 Bxd6 17.Bg5 Re8 18.c4 Bf4 19.Bxf4 Qxf4 20.Bf1 Red8 21.g3 Qd6 22.Qb3 Rac8
23.Rd1 Rc7 24.Red3 Bxf3 25.Rxf3 Ne5 26.Rc3 Nc6 27.d5 e5 28.Rb1 Nd4 29.Qb4 Qxb4
30.Rxb4 Rxd5 31.cxd5 Rxc3 32.Ba6 Kf8 33.a4 Rc5 34.Bb7 Ke7 35.f4 f6 36.fxe5 fxe5
37.Rb1 Rc7 38.Ba8 Kd6 39.Rf1 Rc1 40.Rxc1 Ne2+ 41.Kf2 Nxc1 42.Ke3 Nb3 43.h4 Nc5
44.Bc6 Nd7 45.Kd3 Nf6 46.Kc4 h6 47.Bb7 g5 48.hxg5 hxg5 49.Kd3 Nh5 50.g4 Nf6
51.Bc8 Kxd5 52.Bb7+ Kc5 53.Bf3 e4+ 54.Bxe4 Nxe4 55.Kxe4 a5 56.Kf5 b5  0-1

[Event "IV Taca Brasilia CC"]
[Site "Brasilia BRA"]
[Date "2000.08.22"]
[Round "6"]
[White "Matsuura,E"]
[Black "Gonzalez,Bo"]
[Result "1/2-1/2"]
[WhiteElo "2443"]
[BlackElo "2246"]

1.e4 c5 2.c3 Nf6 3.e5 Nd5 4.d4 cxd4 5.Nf3 Nc6 6.Bc4 Nb6 7.Bb3 d5 8.exd6 Qxd6
9.O-O Be6 10.Na3 a6 11.Bxe6 Qxe6 12.Nxd4 Nxd4 13.Qxd4 Rd8 14.Qh4 h5 15.h3 f6
16.Nc2 Qc4 17.Qxc4 Nxc4 18.b3 Nd6 19.c4 Nf5 20.Bb2 Rd2 21.Rac1 e5 22.Rfd1 Rd7
23.b4 Be7 24.Kf1 Rxd1+ 25.Rxd1 Kf7 26.Ke2 Rd8 27.Rxd8 Bxd8 28.Kd3 Ke6 29.g4 hxg4
30.hxg4 Ne7 31.c5 g6 32.a4 f5 33.gxf5+ gxf5 34.Kc4 Nd5 35.b5 axb5+ 36.axb5 Bh4  1/2-1/2

[Event "ch-FRA Women"]
[Site "Vichy FRA"]
[Date "2000.08.22"]
[Round "7"]
[White "Dubois,M"]
[Black "Flear,C"]
[Result "0-1"]
[WhiteElo "2084"]
[BlackElo "2230"]

1.e4 c5 2.c3 Nf6 3.e5 Nd5 4.d4 cxd4 5.cxd4 d6 6.Nf3 Nc6 7.Nc3 dxe5 8.dxe5 Nxc3
9.Qxd8+ Nxd8 10.bxc3 Nc6 11.Nd4 Bd7 12.f4 e6 13.Bd3 Bc5 14.Nb3 Be7 15.Be3 O-O
16.Nc5 Bxc5 17.Bxc5 Rfc8 18.Bd4 Nxd4 19.cxd4 Bc6 20.O-O g6 21.Rfd1 Bd5 22.Rd2 Rc3
23.Rad1 Rac8 24.Kf2 h5 25.g3 a6 26.Rb2 Ra3 27.Rdd2 Rcc3 28.Ke2 b5 29.Bb1 Re3+
30.Kf2 h4 31.gxh4 Rf3+ 32.Ke1 Rxf4 33.h5 Re3+ 34.Re2 Rxe2+ 35.Rxe2 gxh5 36.Rd2 Kf8
37.Ke2 Rg4 38.Ke3 Rg1 39.Rb2 h4 40.Bd3 h3 41.Rb1 Rg2 42.a4 bxa4  0-1

[Event "Open"]
[Site "Porto San Giorgio ITA"]
[Date "2000.08.23"]
[Round "4"]
[White "Satta,V"]
[Black "Middelburg,T"]
[Result "1/2-1/2"]
[WhiteElo "2222"]
[BlackElo "2328"]

1.e4 c5 2.c3 Nf6 3.e5 Nd5 4.d4 cxd4 5.Nf3 Nc6 6.cxd4 d6 7.Bc4 Nb6 8.Bb5 d5
9.Nc3 Bg4 10.h3 Bxf3 11.Qxf3 e6 12.O-O Rc8 13.Ne2 a6 14.Bd3 Nc4 15.Qg4 h5
16.Qg3 g6 17.b3 Na3 18.f4 Nb5 19.Be3 Ne7 20.Qe1 Nf5 21.Bf2 h4 22.Qd2 Be7
23.Kh2 Qb6 24.Rab1 a5 25.Bxf5 gxf5 26.Qd3 Ba3 27.Be1 Bb4 28.Bxb4 axb4 29.Rbc1 Kd7
30.Qd2 Na7 31.Rfd1 Rxc1 32.Rxc1 Nc6 33.Qe1 Qa6 34.Qd2 Ra8 35.Rc2 Qb5 36.Kg1 Ra5
37.Kf2 Ra8 38.Ng1 Qb6 39.Nf3 Rg8 40.Rc5 Rc8 41.Qe3 Qa6 42.Rc2  1/2-1/2

[Event "Open"]
[Site "Polanica Zdroj POL"]
[Date "2000.08.24"]
[Round "7"]
[White "Slapikas,V"]
[Black "Brodsky,M"]
[Result "1-0"]
[WhiteElo "2430"]
[BlackElo "2532"]

1.e4 c5 2.c3 Nf6 3.e5 Nd5 4.d4 cxd4 5.Qxd4 e6 6.Bc4 Nc6 7.Qe4 Nb6 8.Bb3 d6
9.exd6 Bxd6 10.Nf3 Nd7 11.Bc2 Nf6 12.Qe2 h6 13.Nbd2 Bd7 14.O-O Qc7 15.a4 O-O
16.Nc4 Rfd8 17.Nxd6 Qxd6 18.Rd1 Qc7 19.Qc4 e5 20.Qh4 Bf5 21.Bb3 Na5 22.Bxf7+ Kxf7
23.Bxh6 gxh6 24.Qxh6 Rxd1+ 25.Rxd1 Rg8 26.Re1 Nc6 27.b4 Rg6 28.Qh4 e4 29.Ng5+ Kg8
30.f4 Ne7 31.Rd1 Ned5 32.g3 e3 33.Nf3 e2 34.Rc1 Be4 35.Ne5 Qb6+  1-0

[Event "ch-ISL KO"]
[Site "Kopavogur ISL"]
[Date "2000.08.25"]
[Round "2.1"]
[White "Gunnarsson,Arn"]
[Black "Vidarsson,J"]
[Result "1/2-1/2"]
[WhiteElo "2253"]
[BlackElo "2369"]

1.e4 c5 2.c3 Nf6 3.Bc4 Qc7 4.Qe2 Nc6 5.Nf3 a6 6.O-O d6 7.h3 b5 8.Bb3 e5 9.Rd1 Be7
10.d3 O-O 11.Nbd2 Be6 12.Nf1 Bxb3 13.axb3 h6 14.Nh4 Na5 15.Nd2 Bd8 16.Nf5 Kh8
17.Qf3 Ng8 18.Ne3 Nf6 19.Nc2 Qc8 20.b4 Nb7 21.Nf1 a5 22.bxa5 Nxa5 23.Be3 Nb3
24.Ra2 Ra7 25.Ra3 Rxa3 26.Nxa3 Qc6 27.Ng3 Ng8 28.Nf5 Kh7 29.c4 g6 30.cxb5 Qd7
31.Ng3 Be7 32.Rf1 Qe6 33.Qd1 Rb8 34.Qc2 Nf6 35.Ne2 g5 36.Ng3 Ne8 37.h4 f6
38.Nf5 Bf8 39.Qc4 Nc7 40.hxg5 hxg5 41.g3 Kg6 42.Kg2 Qxc4 43.dxc4 d5 44.cxd5 Nxd5
45.f4 exf4 46.gxf4 Nxf4+ 47.Bxf4 gxf4 48.Rxf4 Nd2 49.Rg4+ Kf7 50.Ne3 Re8
51.Nac4 Rxe4 52.Rxe4 Nxe4 53.b6 Bd6 54.Kf3 Ng5+ 55.Kg4 Ke6 56.b7 Bb8 57.Na5 Nf7
58.Kf3 f5 59.Nb3 Ne5+ 60.Ke2 Nd7 61.Kf3 Bc7 62.Nc4 f4 63.Ke4 Nf6+ 64.Kf3 Kd5
65.Na3 Kc6 66.Nc1 Nh7 67.Nd3 Ng5+ 68.Kg4 Ne6 69.b4 cxb4 70.Nxb4+ Kxb7 71.Nc4 Nd4
72.Nd5 f3 73.Nxc7 Kxc7 74.Kh4 Kc6 75.Kg3 Kd5  1/2-1/2

[Event "Open"]
[Site "Porto San Giorgio ITA"]
[Date "2000.08.25"]
[Round "6"]
[White "Agrest,S"]
[Black "Middelburg,T"]
[Result "0-1"]
[WhiteElo "2210"]
[BlackElo "2328"]

1.e4 c5 2.c3 Nf6 3.e5 Nd5 4.d4 cxd4 5.cxd4 e6 6.Nc3 Nxc3 7.bxc3 Qc7 8.Bd2 b6
9.f4 Be7 10.Nf3 O-O 11.Bd3 Ba6 12.Bxa6 Nxa6 13.Qe2 Qb7 14.O-O Nc7 15.Ng5 f6
16.exf6 Bxf6 17.Qd3 g6 18.f5 exf5 19.Qh3 Bxg5 20.Bxg5 Ne6 21.Bh6 Rf7 22.Rae1 Rc8
23.Re5 Qc7 24.Rfe1 Qd8 25.d5 Nf8 26.Qe3 Qf6 27.Qd4 g5 28.Bxf8 Rfxf8 29.Re7 Qxd4+
30.cxd4 Rf7 31.Re8+ Rf8 32.R8e7 Rf7 33.Re8+ Rxe8 34.Rxe8+ Rf8 35.Re7 Rf7
36.Re8+ Kg7 37.Ra8 Rf6 38.Rxa7 Rd6 39.Kf2 Rxd5 40.Ke3 Kf7 41.Rb7 Rd6 42.h3 Ke7
43.a4 Re6+ 44.Kd3 f4 45.Rb8 d5 46.Rb7+ Kf6 47.Rxh7 Re3+ 48.Kd2 Rg3 49.Rh6+ Kf5
50.Rxb6 Rxg2+ 51.Ke1 Rg3 52.h4 gxh4 53.a5 Ra3 54.a6 Ke4 55.Rh6 Kxd4 56.Rxh4 Rxa6
57.Rh3 Ra1+ 58.Kd2 Ra2+ 59.Ke1 Ke4 60.Rc3 d4 61.Rb3 d3 62.Rb8 Ke3 63.Re8+ Kf3
64.Rd8 Ra1+ 65.Kd2 Kf2 66.Rxd3 f3 67.Rd8 Ra6 68.Rd7 Re6 69.Rd8 Kf1 70.Rf8 f2
71.Rd8 Rg6  0-1

[Event "Summer Festival Open"]
[Site "Lisbon POR"]
[Date "2000.08.26"]
[Round "6"]
[White "Skytte,R"]
[Black "Morais,V"]
[Result "1-0"]
[WhiteElo "2323"]
[BlackElo "2167"]

1.e4 c5 2.c3 Nf6 3.e5 Nd5 4.d4 cxd4 5.Nf3 e6 6.cxd4 d6 7.a3 Be7 8.Bd3 Nc6
9.O-O dxe5 10.dxe5 b6 11.Qa4 Bb7 12.Qg4 Bf8 13.Bg5 Qc7 14.Rc1 h6 15.Bh4 g5
16.Bg3 Be7 17.Qh5 Kf8 18.Nbd2 Qd8 19.Bb5 Rc8 20.Ne4 a6 21.Be2 Na7 22.Rxc8 Nxc8
23.Rd1 Kg7 24.h4 gxh4 25.Nxh4 b5 26.Rd3 Bg5 27.Qg4 Qc7 28.Nf3 Qc1+ 29.Rd1 Qxb2
30.Nfxg5 hxg5 31.Nxg5 Kf8 32.Qf3 f5 33.Nxe6+ Ke7 34.Nd4 Ncb6 35.Nxf5+ Kd7
36.e6+ Kxe6 37.Qe4+ Kf6 38.Nd4 Rc8 39.Qf5+ Ke7 40.Qe6+ Kd8 41.Qd6+ Nd7 42.Ne6+  1-0

[Event "Open"]
[Site "Porto San Giorgio ITA"]
[Date "2000.08.26"]
[Round "7"]
[White "Rausis,I"]
[Black "Bratanov,Z"]
[Result "1-0"]
[WhiteElo "2551"]
[BlackElo "2400"]

1.e4 c5 2.c3 Nf6 3.e5 Nd5 4.d4 cxd4 5.cxd4 d6 6.Nf3 Nc6 7.Bc4 Nb6 8.Bb3 dxe5
9.d5 Na5 10.Nc3 f6 11.O-O g6 12.Be3 Bg7 13.Rc1 O-O 14.d6+ Kh8 15.dxe7 Qxe7
16.Nd5 Qd8 17.Nc7 Nxb3 18.Qxb3 Rb8 19.a4 Bd7 20.a5 Na8 21.Nxa8 Bc6 22.Rfd1 Qc8
23.Bc5 Rd8 24.Rxd8+ Qxd8 25.Nb6 axb6 26.Bxb6 Qe8 27.Qe3 Rc8 28.h3 f5 29.b4 f4
30.Qe2 e4 31.Nd4 Bd5 32.Rxc8 Qxc8 33.Bc5 Kg8 34.Qd2 g5 35.Nb5 Qf5 36.Nc7 Bc4
37.Qd8+ Kf7 38.Qe8+ Kf6 39.Bd4+  1-0

[Event "ch-ESP"]
[Site "Barcelona ESP"]
[Date "2000.08.27"]
[Round "9"]
[White "Ferron Garcia,C"]
[Black "Palacin Martin,R"]
[Result "1-0"]
[WhiteElo "2283"]
[BlackElo "2077"]

1.e4 c5 2.c3 Nf6 3.e5 Nd5 4.d4 cxd4 5.Nf3 Nc6 6.Bc4 Nb6 7.Bb3 d5 8.exd6 e6
9.cxd4 Bxd6 10.Nc3 O-O 11.O-O Nd5 12.Bg5 Be7 13.Bxe7 Ncxe7 14.Rc1 Bd7 15.Ne5 Bc6
16.Nxc6 Nxc6 17.Nxd5 exd5 18.Rc5 Qf6 19.Bxd5 Nxd4 20.Rc4 Ne6 21.Qb3 Rfd8
22.Qxb7 Rab8 23.Qxa7 Rxb2 24.Bxe6 Qxe6 25.Qc7 Ra8 26.Rfc1 h5 27.a4 g5 28.Rc5 f6
29.a5 Re8 30.Rf1 Qe7 31.Qc6 Kg7 32.a6 Ra2 33.Rb5 Qe2 34.g3 Kg6 35.Qd7 Qe6
36.Qd3+ Qe4 37.Qd7 Qe6 38.Qd3+ Qe4 39.Qb3 Rxa6 40.Rb7 Rae6 41.Rd1 h4 42.Rb4 Qf5
43.gxh4 g4 44.Kg2 Re4 45.Rb7 Rc4 46.Kg1 Qc2 47.Qxc2+ Rxc2 48.Rb5 f5 49.Rb6+ Kh5
50.Rd5 Rf8 51.Rbb5 Kg6 52.Kg2 Rc3 53.Rd7 Rh3 54.Rb6+ Rf6 55.Rbb7 Rf8 56.Rg7+ Kf6
57.Rh7 Kg6 58.Rbg7+ Kf6 59.Ra7 Kg6 60.Rag7+ Kf6 61.Rc7 Kg6 62.Kg1 Ra3 63.Rcg7+ Kf6
64.h5 Rh3 65.Rg6+ Ke5 66.Ra6 Kf4 67.h6 Rb8 68.Rf7 Rh8 69.Rff6 Rg8  1-0

[Event "Open"]
[Site "Kiel GER"]
[Date "2000.08.27"]
[Round "9"]
[White "Wisnewski,C"]
[Black "Bekker Jensen,Da"]
[Result "1-0"]
[WhiteElo "2140"]
[BlackElo "2320"]

1.e4 c5 2.c3 Nf6 3.e5 Nd5 4.d4 cxd4 5.cxd4 d6 6.Nf3 Nc6 7.Bc4 Nb6 8.Bb5 dxe5
9.Nxe5 Bd7 10.Nc3 e6 11.Qg4 h5 12.Qe4 Rc8 13.Ng6 a6 14.Nxh8 axb5 15.Ng6 Bd6
16.Nf4 Nb4 17.Nxh5 g6 18.Ng3 Bc6 19.Qe2 Bxg2 20.Rg1 Bc6 21.Nge4 Be7 22.a3 Ra8
23.Bg5 Bxg5 24.Rxg5 N6d5 25.Rg4 Nxc3 26.Nxc3 Nd5 27.Ne4 b4 28.Rg3 bxa3 29.Raxa3 Rxa3
30.Rxa3 Nf4 31.Qg4 Qxd4 32.Qxf4 Bxe4 33.Ra8+ Ke7 34.Qh4+ g5 35.Qxg5+ Qf6
36.Re8+  1-0